[Event "HCL-A2622"]
[Site "www.playchess.de"]
[Date "2006.03.04"]
[Round "10"]
[White "sundfar"]
[Black "victorabiodun03"]
[WhiteElo "1365"]
[BlackElo "1596"]
[PlyCount "24"]
[Result "0-1"]

1.d4 Nf6 2.c4 g6 3.Nc3 Bg7 4.Bf4 d6 5.Nf3 O-O 6.e3 
Nc6 7.Bd3 Bg4 8.h3 Bxf3 9.Qxf3 h6 10.O-O e5 
11.dxe5 dxe5 12.Bg3 Qxd3 0-1

[Event "HCL-T264"]
[Site "www.playchess.de"]
[Date "2006.03.04"]
[Round "5"]
[White "golddim"]
[Black "gambitfan"]
[WhiteElo "1433"]
[BlackElo "1492"]
[PlyCount "53"]
[Result "1-0"]

1.e4 e5 2.Nf3 Nc6 3.Bb5 a6 4.Ba4 Nf6 5.O-O Be7 
6.Re1 b5 7.Bb3 O-O 8.c3 d6 9.d4 Bg4 10.d5 Na5 
11.Bc2 c6 12.a4 c5 13.Nbd2 Nd7 14.Nf1 c4 15.Ne3 
Bxf3 16.Qxf3 Nc5 17.Nf5 Nab3 18.Ra3 Nxc1 19.Rxc1 
Bg5 20.Rca1 bxa4 21.Bxa4 Nxa4 22.R3xa4 a5 23.Qg4 
h6 24.h4 g6 25.Nxd6 Bxh4 26.Nxc4 f5 
27.Qxg6+ 1-0

[Event "HCL-A2609"]
[Site "www.playchess.de"]
[Date "2006.03.04"]
[Round "3"]
[White "hal1958"]
[Black "bossjos"]
[WhiteElo "1431"]
[BlackElo "1264"]
[PlyCount "51"]
[Result "1/2-1/2"]

1.b4 e5 2.Bb2 d6 3.e3 Nf6 4.Nf3 Bg4 5.Be2 Nbd7 
6.c4 Nb6 7.d3 Be7 8.O-O O-O 9.a4 a6 10.a5 Nbd7 
11.h3 Bh5 12.Nc3 Bg6 13.Nh4 c6 14.Nxg6 fxg6 15.Bf3 
Qc7 16.Qb3 Kh8 17.b5 axb5 18.cxb5 Rxa5 19.bxc6 
Rxa1 20.Rxa1 bxc6 21.Qa4 Nc5 22.Qxc6 Qxc6 23.Bxc6 
Nxd3 24.Nd1 Rc8 25.Ra8 Rxa8 26.Bxa8 {(offering 
draw)}  1/2-1/2

[Event "HCL-B3870"]
[Site "www.playchess.de"]
[Date "2006.03.04"]
[Round "4"]
[White "nico21"]
[Black "axagom"]
[WhiteElo "1534"]
[BlackElo "1353"]
[PlyCount "68"]
[Result "0-1"]

1.e4 e6 2.d4 d5 3.Nc3 Bb4 4.e5 c5 5.f4 cxd4 6.Qxd4 
Nc6 7.Bb5 Bxc3+ 8.Qxc3 Bd7 9.Nf3 Nxe5 10.Qxe5 Bxb5 
11.Qxg7 Qf6 12.Qxf6 Nxf6 13.Be3 Rg8 14.g3 Ne4 
15.a4 Ba6 16.O-O-O Be2 17.Nd4 Bxd1 18.Rxd1 a6 
19.Nf3 Rc8 20.Kb1 Rc4 21.Rd4 Rxd4 22.Bxd4 Ke7 
23.b4 Nxg3 24.hxg3 Rxg3 25.Ne5 h5 26.Kc1 h4 27.Bf2 
Rh3 28.Ng4 f6 29.Kd2 Rf3 30.Bc5+ Kf7 31.Bd6 Rg3 
32.Ne3 h3 33.Nf1 Rg2+ 34.Kd3 Rf2 0-1

[Event "HCL-C4192"]
[Site "www.playchess.de"]
[Date "2006.03.04"]
[Round "4"]
[White "gronico"]
[Black "Milosforman"]
[WhiteElo "1189"]
[BlackElo "1022"]
[PlyCount "67"]
[Result "1-0"]

1.e4 c5 2.c3 e6 3.d4 Nf6 4.e5 Ne4 5.Nd2 Nxd2 
6.Bxd2 cxd4 7.cxd4 Be7 8.Nf3 Nc6 9.Bb5 a6 10.Bxc6 
dxc6 11.O-O h6 12.Rc1 Qb6 13.b3 O-O 14.Rc2 Rd8 
15.Qc1 f6 16.Bxh6 g5 17.exf6 Bxf6 18.Bxg5 Bxg5 
19.Qxg5+ Kf8 20.Ne5 Qc7 21.Qh6+ Qg7 22.Qf4+ Kg8 
23.Rc3 Rf8 24.Qh4 Bd7 25.Rg3 Rf7 26.Nxf7 Kxf7 
27.Rxg7+ Kxg7 28.Qe7+ Kg6 29.Qxd7 Rh8 30.Qxe6+ Kh7 
31.Re1 Rg8 32.Qf7+ Kh8 33.Re7 Rg7 
34.Qxg7+ 1-0

[Event "HCL-E1564"]
[Site "www.playchess.de"]
[Date "2006.03.04"]
[Round "12"]
[White "Emerson"]
[Black "alldrix"]
[WhiteElo "1790"]
[BlackElo "1624"]
[PlyCount "90"]
[Result "1/2-1/2"]

1.e4 {welcome, let´s have one more interesting 
match!
:-))}  e6 {sure :D}  2.Qe2 Ne7 3.Nf3 d5 4.d3 dxe4 
5.dxe4 Nbc6 6.c3 Ng6 7.Be3 Be7 8.Nbd2 Bf6 9.O-O-O 
Bd7 10.Nb3 b6 11.Nfd4 Qe7 12.f4 e5 13.Nf5 Bxf5 
14.exf5 exf4 15.fxg6 fxe3 16.Qb5 O-O 17.gxh7+ Kh8 
18.Qxc6 e2 19.Bxe2 Qxe2 20.Rhe1 Qh5 21.Kb1 Qxh2 
22.Reh1 Qg3 23.Rd7 Be5 24.Rxf7 Bd6 25.Rhf1 Qg6+ 
26.Ka1 Rxf7 27.Qxa8+ Bf8 28.Rh1 Qf5 29.Nd2 Qd3 
30.Qe8 Rf6 31.Nf3 Qg6 32.Qxg6 {(offering draw)}  
Rxg6 33.Ne5 {surprise}  Rf6 34.Nd7 Rf2 35.Nxf8 
Rxf8 36.a4 Rf2 37.g3 Rg2 38.Rh3 g5 39.Ka2 g4 
40.Rh4 Rxg3 41.Kb3 Rg1 42.Kc4 g3 43.Rh3 a6 44.b4 
g2 45.Rh2 c6 {(offering draw) i think we cant go 
more than this}  1/2-1/2

[Event "HCL-E1505"]
[Site "www.playchess.de"]
[Date "2006.03.04"]
[Round "17"]
[White "Dutchin"]
[Black "Toni76"]
[WhiteElo "1695"]
[BlackElo "1819"]
[PlyCount "73"]
[Result "0-1"]

1.Nf3 Nf6 2.d4 g6 3.c4 Bg7 4.Nc3 d6 5.g3 O-O 6.Bg2 
Nbd7 7.O-O e5 8.d5 Ne8 9.e4 f5 10.exf5 Rxf5 11.Bh3 
Rf8 12.Be6+ Kh8 13.Ng5 Qe7 14.Nce4 Ndf6 15.Qe2 
Nxe4 16.Qxe4 Bxe6 17.Nxe6 Rf7 {merry christmas!}  
18.Nxg7 {Thank you, a very happy christmas to you 
and your family as well.}  Nxg7 19.b3 Raf8 20.Be3 
Nf5 21.Bd2 Qd7 22.f4 exf4 23.Bxf4 Re8 24.Qd3 Rfe7 
25.Qc3+ Kg8 26.Rae1 R7e2 27.Rxe2 Rxe2 28.Rf2 Qe7 
29.Kf1 {(offering draw)}  Ne3+ 30.Bxe3 Rxe3 31.Qd2 
Qe4 32.Kg1 Re1+ 33.Rf1 Rxf1+ 34.Kxf1 Qh1+ 35.Ke2 
Qxh2+ 36.Kd1 Qxg3 37.a4 0-1

[Event "HCL-E1539"]
[Site "www.playchess.de"]
[Date "2006.03.04"]
[Round "26"]
[White "Matu"]
[Black "Dutchin"]
[WhiteElo "1506"]
[BlackElo "1637"]
[PlyCount "91"]
[Result "1-0"]

1.Nf3 d5 2.b3 c5 3.Bb2 Nc6 4.e3 Bg4 5.Be2 Nf6 6.d4 
e6 7.Nbd2 Bd6 8.a3 O-O 9.dxc5 Bxc5 10.b4 Bxf3 
11.Bxf3 Bd6 12.O-O Be5 13.Bxe5 Nxe5 14.Rc1 Rc8 
15.Be2 a6 16.c4 dxc4 17.Nxc4 Nxc4 18.Qxd8 Rfxd8 
19.Rxc4 Rxc4 20.Bxc4 Rc8 21.Be2 Rc2 22.Bf3 Nd5 
23.Bxd5 exd5 24.g3 Kf8 25.Rd1 Ra2 26.Rxd5 Rxa3 
27.b5 Ra5 28.Rd8+ Ke7 29.Rg8 g6 30.bxa6 Rxa6 
31.Rb8 Ra1+ 32.Kg2 Rb1 33.h4 h5 34.Kf3 f5 35.Kf4 
Kf6 36.e4 fxe4 37.Kxe4 b5 38.Rb6+ Kf7 39.Kf4 b4 
40.Kg5 Rf1 41.Rxb4 Rxf2 42.Rb7+ Ke6 43.Rg7 Rf5+ 
44.Kxg6 Rf6+ 45.Kxh5 Rf5+ 46.Kh6 1-0

[Event "ACL-M085"]
[Site "www.playchess.de"]
[Date "2006.03.04"]
[Round "7"]
[White "tihi"]
[Black "Beezer"]
[WhiteElo "1942"]
[BlackElo "1973"]
[PlyCount "54"]
[Result "1/2-1/2"]

1.e4 {Hi, again.}  c6 {Hello again to you too!}  
2.d4 d5 3.e5 Bf5 4.h4 h6 5.h5 e6 6.Nd2 c5 7.Ngf3 
{Merry Christhmas}  Qc7 {A Merry Christmas to you 
and your family too.}  8.dxc5 Bxc5 9.Nb3 Bb6 
10.Bd3 Ne7 11.Bxf5 Nxf5 12.c3 Nd7 13.Qe2 Nc5 
14.Nxc5 Qxc5 15.Nh4 d4 16.Nxf5 exf5 17.cxd4 Qb4+ 
18.Qd2 Qxd4 19.O-O O-O 20.Qf4 Rfe8 21.Re1 Re7 
22.Be3 Qxf4 23.Bxf4 Rae8 24.Rad1 f6 25.e6 R7xe6 
26.Rxe6 Rxe6 27.Kf1 Kf7 {(offering draw)} 
 1/2-1/2

[Event "HCL-A2588"]
[Site "www.playchess.de"]
[Date "2006.03.04"]
[Round "5"]
[White "Djusta"]
[Black "mrchess"]
[WhiteElo "1268"]
[BlackElo "1470"]
[PlyCount "58"]
[Result "0-1"]

1.e4 e6 2.d4 d5 3.e5 Be7 4.Nf3 c5 5.Nc3 cxd4 
6.Nxd4 Nc6 7.Bb5 Bd7 8.Be3 Nxe5 9.O-O Nc6 10.a3 
Nf6 11.Re1 Nxd4 12.Bxd4 O-O 13.Re3 a6 14.Ba4 b5 
15.Bb3 Bc6 16.Qd3 Qc7 17.h3 Nh5 18.Ne2 Bd6 19.g3 
e5 20.Bxe5 Bxe5 21.c3 Nf6 22.a4 Rfd8 23.Rd1 Qb7 
24.Rxe5 Rd7 25.Re1 bxa4 26.Bc2 g6 27.Rb1 Ne4 
28.Qf3 Nd2 29.Rg5 Nxf3+ 0-1

[Event "ACL-A655"]
[Site "www.playchess.de"]
[Date "2006.03.04"]
[Round "21"]
[White "Eishockeytorwart"]
[Black "novice1"]
[WhiteElo "1500"]
[BlackElo "1500"]
[PlyCount "55"]
[Result "1-0"]

1.e4 {welcome from germany}  e5 {hello man}  2.Nf3 
Nc6 3.Bb5 Qf6 4.O-O a6 5.Bxc6 dxc6 6.d4 Bd6 7.dxe5 
Bxe5 8.Bg5 Qd6 9.Nxe5 Qxd1 10.Rxd1 f6 11.Bf4 fxe5 
12.Bxe5 Nf6 13.f3 O-O 14.Bxc7 b6 15.Bxb6 Rb8 
16.Bc5 Re8 17.b3 h5 18.Nc3 h4 19.Rd6 Bd7 20.Rad1 
Re5 21.Bd4 Re6 22.Bxf6 gxf6 23.R6xd7 a5 24.Ne2 a4 
25.Nd4 Ree8 26.Nxc6 Rba8 27.Ne7+ Kf8 
28.Ng6+ 1-0

[Event "HCL-C4164"]
[Site "www.playchess.de"]
[Date "2006.03.04"]
[Round "12"]
[White "Skipper_Robert"]
[Black "Concrete_Pluto"]
[WhiteElo "972"]
[BlackElo "1115"]
[PlyCount "52"]
[Result "0-1"]

1.e4 c5 2.d3 e6 3.Bf4 d5 4.e5 f6 5.d4 cxd4 6.Qxd4 
Nc6 7.Qa4 Bd7 8.Qb3 fxe5 9.Bxe5 Nxe5 10.Qxb7 Rb8 
11.Qxa7 Rxb2 12.Qd4 Rxc2 13.Nc3 Qf6 14.Nd1 Nd3+ 
15.Qxd3 Bb4+ 16.Nc3 Bxc3+ 17.Kd1 Rxf2 18.Nh3 Rd2+ 
19.Qxd2 Bxd2 20.Kxd2 Qxa1 21.Ke2 Nf6 22.g3 O-O 
23.Ng5 Qe5+ 24.Kf2 Qxg5 25.a3 Ne4+ 26.Ke1 
Qd2+ 0-1

[Event "HCL-E1556"]
[Site "www.playchess.de"]
[Date "2006.03.04"]
[Round "10"]
[White "treebeard"]
[Black "Abra"]
[WhiteElo "1608"]
[BlackElo "1503"]
[PlyCount "78"]
[Result "0-1"]

1.d4 {Hello and good tournament}  d5 {Hello, wish 
you a nice game from the Netherlands.
}  2.c4 dxc4 3.Nc3 Nc6 4.Nf3 g6 5.Bf4 Bg7 6.e3 Be6 
7.Rc1 a6 8.a4 Nf6 9.Bxc4 Bxc4 10.b3 Bd5 11.Nxd5 
Nxd5 12.Bg3 O-O 13.O-O Qd7 14.Rc5 b6 15.Rc4 a5 
16.Qc1 Ndb4 17.d5 Qxd5 18.Rd1 Qe6 19.Bxc7 Ra6 
20.h3 Rc8 21.Bf4 Ra7 22.Nd4 Bxd4 23.Rdxd4 Rd7 
24.Rde4 Qf6 25.Be5 Nd3 26.Bxf6 Nxc1 27.Rxc1 exf6 
28.Kf1 Kg7 29.Ke2 Na7 30.Rxc8 Nxc8 31.Rc4 Ne7 
32.b4 axb4 33.Rxb4 Rd6 34.e4 Nc6 35.Rb2 Ne5 36.f4 
Nc4 37.Rb4 Rd4 38.e5 Rxf4 39.g3 
Rd4 0-1

[Event "HCL-C4118"]
[Site "www.playchess.de"]
[Date "2006.03.04"]
[Round "2"]
[White "n4337m"]
[Black "Ruka"]
[WhiteElo "1464"]
[BlackElo "991"]
[PlyCount "49"]
[Result "1-0"]

1.e4 {good luck}  e6 2.d4 d5 {Hi - good luck!}  
3.Nd2 c5 4.c3 {I recently purchased a Mini...do 
you know exactly where they're manufactured?}  b6 
5.Bb5+ Bd7 6.Bd3 c4 7.Bc2 Nf6 8.Ne2 Be7 9.e5 Ng4 
10.h3 Nh6 11.O-O O-O 12.Nf3 f6 13.Bxh6 gxh6 
14.exf6 Bxf6 15.Re1 Re8 16.Qd2 Bg7 17.Ng3 Qf6 
18.Ne5 Bb5 19.Ng4 Qe7 20.Nf5 Qg5 21.Ngxh6+ Bxh6 
22.Nxh6+ Qxh6 23.Qxh6 Re7 24.Re3 Bd7 
25.Rg3+ 1-0

[Event "HCL-A2634"]
[Site "www.playchess.de"]
[Date "2006.03.04"]
[Round "3"]
[White "shadow_cup"]
[Black "hal1958"]
[WhiteElo "1280"]
[BlackElo "1403"]
[PlyCount "69"]
[Result "1-0"]

1.e3 e5 {have a nice game}  2.Nf3 {have a nice 
game also :)}  e4 3.Nd4 c5 4.Nb3 b6 5.d4 Nf6 6.Be2 
Be7 7.c4 O-O 8.d5 d6 9.Nc3 a6 10.Nd2 Bf5 11.a4 
Nbd7 12.Qc2 Re8 13.Ndxe4 Nxe4 14.Nxe4 Bxe4 15.Qxe4 
Bf6 16.Qc2 Ne5 17.O-O g6 18.f4 Nd7 19.Bd3 Bg7 
20.e4 Bd4+ 21.Kh1 Nf6 22.h3 h5 23.f5 Kg7 24.Rf3 
Nh7 25.fxg6 fxg6 26.Be3 Be5 27.Raf1 Bf6 28.e5 Rxe5 
29.Bxg6 Nf8 30.R3xf6 Qxf6 31.Rxf6 Kxf6 32.Bd3 Rae8 
33.Qf2+ Ke7 34.Bf4 Re1+ 35.Qxe1+ 1-0

[Event "HCL-E1586"]
[Site "www.playchess.de"]
[Date "2006.03.04"]
[Round "1"]
[White "gadnoto"]
[Black "yannick"]
[WhiteElo "1858"]
[BlackElo "1532"]
[PlyCount "59"]
[Result "1-0"]

1.e4 d6 2.d4 Nf6 3.Nc3 g6 4.Nf3 Nc6 5.Bb5 Bg4 6.d5 
a6 7.Ba4 b5 8.Nxb5 Bxf3 9.Qxf3 axb5 10.Bxb5 Nd7 
11.Bxc6 Ra6 12.Qd3 Qc8 13.Be3 Kd8 14.Qb5 Nb6 
15.O-O f5 16.a4 f4 17.Bd4 f3 18.gxf3 Rg8 19.a5 e5 
20.axb6 Rxa1 21.Rxa1 exd4 22.Ra8 Qxa8 23.bxc7+ 
Kxc7 24.Bxa8 g5 25.Qc6+ Kd8 26.Bb7 Rg6 27.Bc8 Rg7 
28.Be6 h5 29.b4 Rc7 30.Qb6 1-0

[Event "HCL-M868"]
[Site "www.playchess.de"]
[Date "2006.03.04"]
[Round "6"]
[White "Still_Life"]
[Black "maik42_"]
[WhiteElo "2082"]
[BlackElo "2169"]
[PlyCount "130"]
[Result "1/2-1/2"]

1.c4 {Hi there! Enjoy our game :-)) David}  Nf6 
{hallo ..have fun}  2.Nf3 {Promise to try! ;-)) 
Fun? ... now, I DO remember that word from the 
dim, distant past ... :-(( Dave}  g6 {i did like 
our last game..and only cause of my win..it was 
interesting and a good conversation..btw there u 
steal my queen first ;-)}  3.g3 {Your memory is 
better than mine! ;)}  Bg7 {i remember not all 
games,but against u it was nice, our first game 
was a long queensendgame, were i did read much in 
a book of awerbach}  4.Bg2 {Oh dear! Long queen 
endings are SUCH jolly fun! :-(( :-)) David}  O-O 
{i am glad that u did enjoy it same like i did 
;-)}  5.d4 {:-))}  d6 {:-))}  6.Nc3 c6 7.O-O Nbd7 
8.e4 e5 9.h3 Qb6 10.c5 dxc5 11.dxe5 Ne8 12.e6 fxe6 
13.Ng5 Ne5 14.f4 Nf7 15.Nxf7 Rxf7 16.e5 Nc7 17.Ne4 
Nd5 18.Kh2 Bf8 {merry chrismas}  19.Qc2 {Merry 
Christmas from Scotland! :-))}  a5 {thx david :-)} 
 20.Bd2 Qa7 21.a3 b6 22.Rfe1 Be7 23.b4 cxb4 
24.axb4 Bxb4 25.Qxc6 Bd7 26.Qc2 Be7 27.Nd6 Bxd6 
28.exd6 Qb8 29.Bc3 Qxd6 30.Be5 Qf8 31.Rac1 Rc8 
32.Qb2 Rxc1 33.Rxc1 b5 34.Qd4 Qb4 35.Qa7 a4 
36.Qa8+ Rf8 37.Qb7 Qe7 38.Rd1 Rf7 39.Rc1 b4 40.Be4 
b3 41.Rc4 Ne3 42.Rc3 Nf1+ 43.Kh1 Nd2 44.Bg2 h6 
45.Kh2 g5 46.Qb8+ Rf8 47.Qb7 Rd8 48.Rd3 Nc4 49.Bc6 
gxf4 50.Bxf4 Na5 51.Rxd7 Nxb7 52.Rxe7 Nc5 53.Bc1 
b2 54.Bxb2 Rd2+ {this will be a long long endgame 
;-)}  55.Kg1 {Almost certainly a Black win 
though!
Will play a few moves anyway.. David}  Rxb2 {not 
sure..i got 1 pawn more but all single placed...we 
will see..i think it should be drawish}  56.Ra7 
{(offering draw) No harm in asking then? ... :-))} 
 Rb3 {sure no harm ;-) but i have to get some 
practise in booring part of chess like this 
endgame :-))}  57.Bxa4 Rxg3+ 58.Kh2 Ra3 59.Ra8+ 
Kg7 60.Bc6 Rxa8 61.Bxa8 Kf6 62.Kg3 Kg5 63.Bc6 Nb3 
{i think at move 100 we will have a draw ;-)}  
64.Be4 {I would take a draw any time! ;-)}  Nd4 
65.h4+ Kf6 {(offering draw) ok lets end it...u 
earn the draw...well played thanks :-)} 
 1/2-1/2

[Event "HCL-E1557"]
[Site "www.playchess.de"]
[Date "2006.03.04"]
[Round "6"]
[White "XANDERKIRV"]
[Black "Jure"]
[WhiteElo "1460"]
[BlackElo "1635"]
[PlyCount "71"]
[Result "1/2-1/2"]

1.e4 c5 2.Nf3 Nc6 3.d4 cxd4 4.Nxd4 Qc7 5.Nb3 e6 
6.a3 Nf6 7.Nc3 a6 8.Be3 b5 9.f3 Bb7 10.Qd2 Be7 
11.O-O-O O-O 12.Kb1 Rac8 13.h4 Na5 14.h5 Nxb3 
15.cxb3 Bxa3 16.Nxb5 axb5 17.bxa3 d5 18.h6 dxe4 
19.hxg7 Rfd8 20.Qe2 Rxd1+ 21.Qxd1 Nd5 22.Bd4 e5 
23.fxe4 exd4 24.exd5 Bxd5 25.Bd3 Qc3 26.Bxh7+ Kxg7 
27.Qg4+ Kf8 28.Qg8+ Ke7 29.Qg5+ Kd6 30.Qf4+ Kd7 
31.Bf5+ Be6 32.Bxe6+ fxe6 33.Rh7+ Kc6 34.Qe4+ Kd6 
35.Qf4+ Kc6 36.Qe4+ {(offering draw)} 
 1/2-1/2

[Event "HCL-B3869"]
[Site "www.playchess.de"]
[Date "2006.03.04"]
[Round "10"]
[White "Stronghbr"]
[Black "robert66"]
[WhiteElo "1400"]
[BlackElo "1405"]
[PlyCount "43"]
[Result "1-0"]

1.e4 {Hello my chessfriend, My name is Venancio, i 
live São Paulo - Brazil}  e5 {Hello Venancio. My 
name is Robert. I live in Barcelona (Spain). I´m 
39.}  2.Bc4 Nf6 3.Nc3 Nc6 4.d3 Be7 5.a3 O-O 6.f4 
d6 7.f5 Bd7 8.Nf3 Na5 9.Ba2 c5 10.O-O b5 11.Bd2 
Qb6 12.Qe1 Nc6 13.Qg3 Rfd8 14.Be3 b4 15.Nd5 Nxd5 
16.exd5 Nd4 17.Nxd4 cxd4 18.f6 Bf8 19.Bh6 g6 
20.Qh4 bxa3 21.Bxf8 Rdxf8 22.Qh6 1-0

[Event "HCL-B3867"]
[Site "www.playchess.de"]
[Date "2006.03.04"]
[Round "5"]
[White "simple"]
[Black "garden"]
[WhiteElo "766"]
[BlackElo "1164"]
[PlyCount "86"]
[Result "0-1"]

1.e4 e5 2.Nf3 d6 3.d4 Nc6 4.d5 Nd4 5.Nxd4 Nf6 
6.Nc3 exd4 7.Qxd4 c5 8.Qd3 Qc7 9.Nb5 Qe7 10.f3 a6 
11.Nc3 g6 12.h3 Bd7 13.a3 Qe5 14.f4 Qh5 15.Be2 
Qh4+ 16.g3 Qh6 17.e5 Bf5 18.Qc4 b5 19.Qb3 c4 
20.Qa2 dxe5 21.b3 exf4 22.Bxf4 g5 23.Be5 Bc5 
24.O-O-O O-O 25.Kb1 Rae8 26.Bxf6 Qxf6 27.Qb2 Bd4 
28.Qc1 Bxc3 29.Rhf1 Rxe2 30.Rfe1 Bxe1 31.Rxe1 Re5 
32.Rxe5 Qxe5 33.Qxg5+ Kh8 34.Qd2 c3 35.Qh6 Rg8 
36.g4 Bg6 37.b4 Qf6 38.g5 Qf1+ 39.Ka2 Qc4+ 40.Kb1 
Qxd5 41.Qh4 Qh1+ 42.Ka2 Bxc2 43.Qd4+ 
Rg7 0-1

[Event "HCL-B3778"]
[Site "www.playchess.de"]
[Date "2006.03.04"]
[Round "8"]
[White "wedi"]
[Black "foinaven"]
[WhiteElo "1308"]
[BlackElo "1600"]
[PlyCount "75"]
[Result "1-0"]

1.b3 {hi to england}  e5 {I wis I lived in Austria 
- love the mountains there}  2.Bb2 {but we ve no 
seeside, whisch is very beautyful too...}  Nc6 
{True - the south west of England is particularly 
beautiful - sea cliffs and hidden beaches.}  3.e4 
g6 4.Nf3 Bg7 5.d4 exd4 6.Nxd4 Qe7 7.f3 Nf6 8.Nc3 
Nxd4 9.Qxd4 d6 10.O-O-O O-O 11.Nd5 Qe5 12.Nxc7 Rb8 
13.Qxd6 Qxd6 14.Rxd6 Ne8 15.Nxe8 Rxe8 16.Bb5 Rf8 
17.Rhd1 Be6 18.f4 a6 19.Bd7 Bxd7 20.R6xd7 h6 21.g4 
b6 22.h4 Bxb2+ 23.Kxb2 Rfe8 24.R1d4 Kg7 25.f5 g5 
26.hxg5 hxg5 27.R7d5 b5 28.e5 Rb6 29.Kc3 Kf8 
30.Kd3 Rc6 31.c4 b4 32.R5d6 Rxd6 33.exd6 f6 34.d7 
Rd8 35.c5 Ke7 36.c6 a5 37.c7 Rxd7 
38.c8Q 1-0

[Event "HCL-A2555"]
[Site "www.playchess.de"]
[Date "2006.03.04"]
[Round "7"]
[White "Maillard"]
[Black "antoniocastro"]
[WhiteElo "1522"]
[BlackElo "1384"]
[PlyCount "94"]
[Result "0-1"]

1.d4 {Bonne partie! And a happy new year!}  Nf6 
{Hola: Feliz año nuevo 2006, que tengas suerte.}  
2.Nc3 d5 3.Bf4 c6 4.a3 Bf5 5.e3 e6 6.h3 Bd6 7.Bxd6 
Qxd6 8.Bd3 Bxd3 9.Qxd3 O-O 10.g3 Nbd7 11.f4 c5 
12.Nf3 a6 13.Ne5 Rac8 14.O-O Qc7 15.Rf3 cxd4 
16.exd4 Nb6 17.b3 Nbd7 18.Rc1 Qa5 19.a4 Qb4 
20.Nxd7 Nxd7 21.g4 Rc7 22.Nb1 Rfc8 23.c3 Qxb3 
24.Re3 Qxa4 25.f5 Re8 26.Nd2 b5 27.fxe6 Rxe6 
28.Rxe6 fxe6 29.Nf3 Qa3 30.Qe3 Qd6 31.Ng5 Nf8 
32.Re1 Re7 33.h4 h6 34.Nh3 Rf7 35.h5 Rf6 36.Qd3 
Nh7 37.Re5 Qa3 38.Qd2 b4 39.Qe3 {merci pour la 
partie!}  Qa1+ 40.Kh2 b3 41.g5 hxg5 42.Nxg5 Qa2+ 
43.Kh3 Nxg5+ 44.Rxg5 Qf2 45.Qxf2 Rxf2 46.h6 Rf7 
47.Rg2 a5 0-1

[Event "HCL-E1504"]
[Site "www.playchess.de"]
[Date "2006.03.04"]
[Round "6"]
[White "Paul_D"]
[Black "pkchess"]
[WhiteElo "1536"]
[BlackElo "1648"]
[PlyCount "88"]
[Result "0-1"]

1.e4 {Good Luck.}  c5 {Good luck to you too!}  
2.Nf3 Nc6 3.d4 cxd4 4.Nxd4 Nf6 5.Nc3 e5 6.Ndb5 d6 
7.a4 a6 8.Na3 Be6 9.Bc4 Be7 10.Bxe6 fxe6 11.Nc4 
O-O 12.Ne3 Rc8 13.Ng4 Nd4 14.Nxf6+ Bxf6 15.O-O Qc7 
16.Ra3 Qc6 17.f3 b5 18.axb5 axb5 19.b4 Qc4 20.Qd3 
Qxb4 21.Na2 Qc4 22.Qxc4 bxc4 23.c3 Ne2+ 24.Kf2 
Nxc1 25.Rxc1 d5 26.Ra4 Rca8 27.Rxa8 Rxa8 28.Nb4 
Rd8 29.Rd1 d4 30.g3 d3 31.Ke3 Rd6 32.f4 exf4+ 
33.gxf4 Bxc3 34.Nxd3 cxd3 35.Rxd3 Rxd3+ 36.Kxd3 
Ba5 37.h3 Kf7 38.Ke3 Kf6 39.Kf3 e5 40.Kg4 exf4 
41.Kxf4 h5 42.e5+ Kg6 43.Ke4 Kg5 44.e6 
Bb4 0-1

[Event "HCL-C4098"]
[Site "www.playchess.de"]
[Date "2006.03.04"]
[Round "22"]
[White "valpa"]
[Black "spartan1"]
[WhiteElo "1085"]
[BlackElo "908"]
[PlyCount "61"]
[Result "1-0"]

1.b4 {Welcome to the new game}  e5 {Thank you. I 
hope we have a good one.}  2.Bb2 e4 3.b5 d5 4.e3 
f5 5.a4 a6 6.Ne2 axb5 7.axb5 Rxa1 8.Bxa1 c6 9.bxc6 
Nxc6 10.Nd4 Bd7 11.Bb5 g6 12.Ne6 Bxe6 {Nice move.} 
 13.Bxh8 Bb4 14.Bc3 Qb6 15.Bxc6+ Qxc6 16.Bxb4 Nf6 
17.O-O d4 18.exd4 Qc7 19.c3 b5 20.Qc2 Ng4 21.g3 
Nf6 22.Na3 Bc4 23.Nxc4 Qxc4 24.Qb1 Kf7 25.Qa1 Kg7 
26.Qa7+ Kh6 27.Bf8+ Kg5 28.Qg7 Qe2 29.Qh6+ Kg4 
30.Qf4+ Kh5 {Good moves.  Great game, on your 
part.}  31.Qh4+ 1-0

[Event "HCL-C3952"]
[Site "www.playchess.de"]
[Date "2006.03.04"]
[Round "36"]
[White "JerryReneau"]
[Black "Xav"]
[WhiteElo "1117"]
[BlackElo "1173"]
[PlyCount "83"]
[Result "1-0"]

1.d4 d5 {Hello! Good game!}  2.e3 Nf6 3.c4 e6 4.c5 
c6 5.Bd3 Nbd7 6.Nf3 b6 7.cxb6 axb6 8.Ne5 Nxe5 9.h3 
Nxd3+ 10.Qxd3 c5 11.dxc5 bxc5 12.O-O Ba6 13.Qd1 
Qc7 14.Re1 Bd6 15.g3 Bc4 16.b3 Bb5 17.Bb2 Qe7 
18.Nc3 Ba6 19.a4 O-O 20.e4 dxe4 21.Nxe4 Nxe4 
22.Rxe4 Bb7 23.Rg4 g6 24.h4 h5 25.Rc4 Bd5 26.Rcc1 
Rfb8 27.Qd2 Rxb3 28.Bc3 c4 29.Qd4 Rxc3 30.Qxc3 Bb4 
31.Qe5 f6 32.Qb2 Kf7 33.Rcb1 Rb8 34.a5 Qa7 35.a6 
c3 36.Qc1 Bc4 37.Qh6 Bf8 38.Qh7+ Bg7 39.Rxb8 Qxb8 
40.a7 Qa8 41.g4 hxg4 42.h5 1-0

[Event "HCL-A2428"]
[Site "www.playchess.de"]
[Date "2006.03.04"]
[Round "31"]
[White "saemi"]
[Black "ados99"]
[WhiteElo "1632"]
[BlackElo "1415"]
[PlyCount "105"]
[Result "1-0"]

1.e4 {Hello from Iceland}  c5 {Hi I'm thinking of 
visiting Iceland in February, is this a good 
time?}  2.Nf3 g6 3.d4 {Not really, I think. It is 
high winter.}  cxd4 4.Nxd4 Bg7 5.Nc3 d6 6.Be3 Nf6 
7.Bc4 O-O 8.O-O b6 9.f3 Bb7 10.Nb3 Nbd7 11.a4 Rc8 
12.Qd3 Nc5 13.Nxc5 dxc5 14.Qxd8 Rfxd8 15.Rad1 e6 
16.Nb5 a6 17.Nd6 Rc7 18.b4 Nd7 19.Nxb7 Rxb7 
20.bxc5 bxc5 21.Bxa6 Rbb8 22.Bb5 Ne5 23.Bxc5 Rdc8 
24.Bd6 Rba8 25.Bxe5 Bxe5 26.c4 Kf8 27.Rd7 Rc7 
28.Rxc7 Bxc7 29.Rd1 Rd8 30.Rxd8+ Bxd8 31.e5 g5 
32.g3 Ke7 33.f4 f6 34.Kg2 fxe5 35.fxe5 Bc7 36.Kf3 
Bxe5 37.a5 Bc7 38.a6 Bb6 39.Ke4 Kd6 40.h4 gxh4 
41.gxh4 h6 42.h5 Ke7 43.Ke5 Kf7 44.Bd7 Ke7 45.Bxe6 
Bc5 46.Kd5 Ba7 47.c5 Kd8 48.c6 Kc7 49.Bd7 Bb6 
50.Ke5 Be3 51.Kf6 Kb6 52.a7 Kxa7 
53.c7 1-0

[Event "HCL-C3848"]
[Site "www.playchess.de"]
[Date "2006.03.04"]
[Round "2"]
[White "perugia"]
[Black "bossjos"]
[WhiteElo "1100"]
[BlackElo "1346"]
[PlyCount "104"]
[Result "0-1"]

1.e4 e5 2.f4 d5 3.Bd3 exf4 4.Nf3 Qe7 5.O-O Qc5+ 
6.Kh1 Bd6 7.Re1 Be6 8.Nc3 Nd7 9.Ng5 O-O-O 10.Qe2 
h6 11.Nh3 d4 12.Na4 Qa5 13.b3 Bxh3 14.gxh3 Qe5 
15.Qf3 Ngf6 16.Bf1 Kb8 17.Re2 Nc5 18.Bb2 Nxa4 
19.bxa4 g5 20.Rb1 Bc5 21.Qb3 Rhf8 22.Ba3 b6 23.a5 
Bxa3 24.Qxa3 Nd7 25.axb6 cxb6 26.Ree1 Nc5 27.Rb5 
Qc7 28.Reb1 Nxe4 29.Re1 Rfe8 30.Kg1 Nxd2 31.Rc1 
Nxf1 32.Rxf1 Qxc2 33.Rc1 Qd2 34.Kf1 Qxh2 35.Rcb1 
Re2 36.R5xb6+ axb6 37.Rxb6+ Kc8 38.Qc5+ Kd7 
39.Qc6+ Ke7 40.Rb7+ Kf8 41.Qxh6+ Kg8 42.Qxg5+ Kf8 
43.Qxd8+ Re8 44.Qd6+ Kg8 45.Rb8 Qxh3+ 46.Kg1 Qg3+ 
47.Kf1 Qe1+ 48.Kg2 Qe4+ 49.Kh3 Qf5+ 50.Kh4 Qh7+ 
51.Kg5 Rxb8 52.Qxb8+ Kg7 0-1

[Event "HCL-B3870"]
[Site "www.playchess.de"]
[Date "2006.03.04"]
[Round "10"]
[White "axagom"]
[Black "epenz"]
[WhiteElo "1353"]
[BlackElo "972"]
[PlyCount "49"]
[Result "1-0"]

1.e4 e5 2.Nf3 Nc6 3.d4 Nxd4 4.Nxd4 exd4 5.Qxd4 d6 
6.c4 Nf6 7.Bg5 Be7 8.Nc3 O-O 9.Bd3 c5 10.Qe3 a6 
11.h3 h6 12.Bf4 Be6 13.O-O Re8 14.Rad1 Qb6 15.b3 
Qa5 16.Qd2 Qc7 17.Bc2 b6 18.Bxd6 Qc6 19.e5 Nd7 
20.Be4 Qc8 21.Bxe7 Rb8 22.Bd6 Rd8 23.Nd5 f6 
24.Ne7+ Kf7 25.Bg6+ 1-0

[Event "HCL-C4192"]
[Site "www.playchess.de"]
[Date "2006.03.04"]
[Round "7"]
[White "Veltliner"]
[Black "gronico"]
[WhiteElo "1184"]
[BlackElo "1189"]
[PlyCount "91"]
[Result "1-0"]

1.e3 g6 2.Nf3 Bg7 3.d4 d6 4.h3 Nf6 5.Bd3 Nc6 6.c4 
O-O 7.a3 Bd7 8.b4 a6 9.Nc3 e5 10.Ne4 Nxe4 11.Bxe4 
f5 12.Bd5+ Kh8 13.O-O e4 14.Nh2 Rb8 15.Bxc6 Bxc6 
16.Rb1 b5 17.d5 Bd7 18.Bb2 c6 19.Bxg7+ Kxg7 
20.Qd4+ Qf6 21.Qa7 Rbd8 22.dxc6 Rf7 23.cxd7 bxc4 
24.Qxa6 Rdxd7 25.Qxc4 d5 26.Qb5 d4 27.exd4 Rxd4 
28.Rbc1 Kh6 29.a4 Rd6 30.Qc5 Rfd7 31.Qe3+ Kg7 
32.Qb3 R6d3 33.Qc4 e3 34.fxe3 Qe5 35.Nf3 Qxe3+ 
36.Kh1 g5 37.Rce1 Qa7 38.Nxg5 Kg6 39.Ne6 Kh6 
40.Nc5 R7d4 41.Qe6+ Kg5 42.Qxf5+ Kh4 43.Nxd3 Qg7 
44.Qf2+ Kh5 45.Re5+ Kh6 46.Qxd4 1-0